Les ministres de l'Intérieur de la Ve République - Statistiques

Statistiques générales
  • Ce quiz a été pris 300 fois
  • Le résultat moyen est 15 sur 34
Statistiques - réponses
Intitulé du Ministère Début de fonction Fin de fonction Ministre % Correct
Ministre de l'Intérieur 6 juillet 2020 En cours Gérald Darmanin
95%
Ministre de l'Intérieur, de la Sécurité intérieure et des Libertés locales 7 mai 2002 30 mars 2004 Nicolas Sarkozy
93%
Ministre d'État, ministre de l'Intérieur et de l'Aménagement du territoire 2 juin 2005 26 mars 2007 Nicolas Sarkozy
93%
Ministre de l'Intérieur 2 avril 2014 6 décembre 2016 Bernard Cazeneuve
84%
Ministre de l'Intérieur 16 mai 2012 31 mars 2014 Manuel Valls
84%
Ministre de l'Intérieur 16 octobre 2018 6 juillet 2020 Christophe Castaner
76%
Ministre de l'Intérieur 20 mars 1986 10 mai 1988 Charles Pasqua
66%
Ministre d'État, ministre de l'Intérieur et de l'Aménagement du territoire 30 mars 1993 11 mai 1995 Charles Pasqua
66%
Ministre de l'Intérieur 1er mars 1974 27 mai 1974 Jacques Chirac
66%
Ministre d'Etat, Ministre de l'Intérieur 17 mai 2017 3 octobre 2018 Gérard Collomb
60%
Ministre de l'Intérieur 18 mai 1995 2 juin 1997 Jean-Louis Debré
59%
Ministre de l'Intérieur, de l'Outre-Mer et des Collectivités territoriales 23 juin 2009 13 novembre 2010 Brice Hortefeux
53%
Ministre de l'Intérieur, de l'Outre-mer, desCollectivités territoriales et de l'Immigration 14 novembre 2010 27 février 2011 Brice Hortefeux
53%
Ministre de l'Intérieur, de la Sécurité intérieure et des Libertés locales 31 mars 2004 31 mai 2005 Dominique de Villepin
52%
Ministre de l'Intérieur 4 juin 1997 29 août 2000 Jean-Pierre Chevènement
51%
Ministre de l'Intérieur, de l'Outre-Mer et des Collectivités territoriales 18 mai 2007 23 juin 2009 Michèle Alliot-Marie
51%
Ministre de l'Intérieur, de l'Outre-mer, desCollectivités territoriales et de l'Immigration 27 février 2011 10 mai 2012 Claude Guéant
45%
Ministre d'État, ministre de l'Intérieur et de la Décentralisation 22 mai 1981 22 mars 1983 Gaston Defferre
42%
Ministre de l'Intérieur et de la Décentralisation 22 mars 1983 17 juillet 1984 Gaston Defferre
42%
Ministre de l'Intérieur et de la Décentralisation 19 juillet 1984 20 mars 1986 Pierre Joxe
41%
Ministre de l'Intérieur 12 mai 1988 29 janvier 1991 Pierre Joxe
41%
Ministre de l'Intérieur et de l'Aménagement du territoire 26 mars 2007 15 mai 2007 François Baroin
31%
Ministre de l'Intérieur 6 décembre 2016 21 mars 2017 Bruno Le Roux
24%
Ministre de l'Intérieur 29 août 2000 6 mai 2002 Daniel Vaillant
24%
Ministre de l'Intérieur 21 mars 2017 10 mai 2017 Matthias Fekl
24%
Ministre d'État, ministre de l'Intérieur 28 mai 1974 29 mars 1977 Michel Poniatowski
23%
Ministre de l'Intérieur et de la Sécurité publique 2 avril 1992 29 mars 1993 Paul Quilès
14%
Ministre de l'Intérieur 6 mai 1961 1er avril 1967 Roger Frey
14%
Ministre de l'Intérieur 29 janvier 1991 2 avril 1992 Philippe Marchand
13%
Ministre de l'Intérieur 31 mai 1968 27 février 1974 Raymond Marcellin
12%
Ministre de l'Intérieur 30 mars 1977 13 mai 1981 Christian Bonnet
10%
Ministre de l'Intérieur 7 avril 1967 31 mai 1968 Christian Fouchet
10%
Ministre de l'Intérieur 8 janvier 1959 27 mai 1959 Jean Berthoin
7%
Ministre de l'Intérieur 28 mai 1959 6 mai 1961 Pierre Chatenet
6%
Aucun quiz correspondant
Distribution des résultats
% des personnes avec chaque résultat
Percentile par nombre de réponses
Votre historique - résultats
Vous n’avez pas pris ce quiz